| 000 | 00569nam a2200157Ia 4500 | ||
|---|---|---|---|
| 008 | 220216s9999 xx 000 0 und d | ||
| 100 | _aTokiata N | ||
| 245 | 0 | _aAccelerated tyre wear tests and criteria for laboratory abrasion testers | |
| 260 | _bNatural Rubber: Current Developments in Product Manufacture and Applications: Proceedings of the International Rubber Technology Conferencce, Kuala Lumpur, 1993; p37-56 | ||
| 650 | _aAbrasion testers | ||
| 650 | _aTyre wear | ||
| 700 | _aOuyang G B | ||
| 700 | _aPatterson W J | ||
| 700 | _aShieh C-H | ||
| 942 | _cJS | ||
| 999 |
_c53725 _d53725 |
||